| 000 | 00482nam a22001697a 4500 | ||
|---|---|---|---|
| 999 |
_c164358 _d164358 |
||
| 005 | 20190516155403.0 | ||
| 010 | _aB-085600 | ||
| 020 |
_a8126010711 _c25.00 |
||
| 035 | _aB-085600 | ||
| 037 | _bSahitya Akademi | ||
| 082 | _a873.092 | ||
| 100 | _aRamachandran, C.N. | ||
| 245 |
_aMakers of Indian literature: _bK. Shivarama Karanth _cC.N. Ramachandran |
||
| 260 |
_aNew Delhi _bSahitya Akademi |
||
| 300 |
_a129p. _c22cm(pbk) |
||
| 942 |
_2ddc _cEN _h873.092 _mRAM |
||